| 000 | 00542nam a22001937a 4500 | ||
|---|---|---|---|
| 005 | 20251108164117.0 | ||
| 008 | 250721s2000 xx 000 0 ara d | ||
| 082 | 1 | 4 | _a539.7/عبد |
| 100 | 1 | _aعبد الباقي، محمد مصطفى | |
| 245 | 1 | 0 | _aعلماء الذرة و إكتشافتهم في القرن العشرين / |
| 264 | _c2000. | ||
| 300 | _a175ص | ||
| 650 | 1 | 7 | _aالفيزياء |
| 650 | 1 | 7 | _aالفيزياء الذرية |
| 650 | 1 | 7 | _aالليزر |
| 650 | 1 | 7 | _aالذرات |
| 942 |
_2ddc _cBK |
||
| 999 |
_c3891 _d3891 |
||